Africa needs climate data to fight disease (Record no. 53920)

MARC details
000 -LEADER
fixed length control field 00298nam a2200121Ia 4500
100 ## - MAIN ENTRY--AUTHOR NAME
Personal name Thomson M C
245 #0 - TITLE STATEMENT
Title Africa needs climate data to fight disease
260 ## - PUBLICATION, DISTRIBUTION, ETC. (IMPRINT)
Name of publisher Nature
Year of publication 2011
300 ## - PHYSICAL DESCRIPTION
Number of Pages 440-442
650 ## - SUBJECT ADDED ENTRY--TOPICAL TERM
Topical Term Climate change
942 ## - ADDED ENTRY ELEMENTS (KOHA)
Koha item type Journals
Holdings
Withdrawn status Lost status Damaged status Not for loan Home library Current library Shelving location Date acquired Serial Enumeration / chronology Koha item type
      Journals RRII Library RRII Library Climate change 01/01/2021 Volume 471, Issue 7339 Journals